Escudos de selecciones de fútbol - Estadísticas

Estadísticas generales
  • Esta prueba ha sido intentada 1.494 veces
  • La puntuación promedio es 40 de 45
Estadísticas de respuestas
Imagen Respuesta % Correcto
Alemania
100%
Argentina
99%
Bélgica
98%
Brasil
97%
España
97%
Estados Unidos
97%
Francia
97%
Croacia
96%
Italia
96%
Inglaterra
95%
Eslovenia
94%
Irán
94%
Noruega
94%
Países Bajos
94%
Portugal
94%
Egipto
93%
Gales
93%
Arabia Saudita
92%
China
92%
Nigeria
92%
Perú
92%
Senegal
92%
Suecia
92%
Marruecos
91%
Uruguay
91%
Dinamarca
90%
Ecuador
89%
México
89%
Austria
88%
Panamá
88%
Japón
87%
Túnez
87%
Ghana
86%
Polonia
85%
Costa Rica
84%
Australia
83%
Nueva Zelanda
81%
Corea del Sur
77%
Grecia
77%
Suiza
76%
Hungría
75%
Argelia
69%
Costa de Marfil
68%
Islandia
68%
República Checa
59%
No se encontraron pruebas coincidentes
Distribución de puntuación
Porcentaje de gente con cada puntuación
Porcentaje por número respondido
Historial de tus puntuaciones
No has intentado esta prueba.